000 01135nam0a22002651 4500
001 rc\2839499
005 20250530035959.0
035 _a(NLR Aleph) 007202481
090 _a7640128
_c7640128
100 _a20110629d1927 |||y0rusy50 ca
101 0 _arus
102 _aRU
105 _aa z |||||
200 1 _aВенерические и кожные болезни по данным Института за десять лет (1917-1926)
_fМ.Г. Мгебров и М.Г. Хорошин
210 _aОдесса
_cБ. и.
_d1927
_gТип. "Известий"
215 _a22 с.
_cтабл.
_d26 см
300 _aРезюме на нем. яз.
300 _aОтт. из: Труды Одесского государственного дермато-венерологического института им. Е.С. Главче... Т. 1-й. Юбилейный 1917 X 1927 сборник
700 1 _aМгебров
_bМ.Г.
_f1878-1940
_gМихаил Гаврилович
701 1 _aХорошин
_bМ.Г.
801 0 _aRU
_bNLR
_gpsbo
801 1 _aRU
_bELAR
_2rusmarc
852 _aNLR
_j122/676
942 _cBOOK
980 _aNB